000 00359 a2200121 4500
040 _aDLC
_bDLC
245 _aOracle: Advanced information systems, Inc
_cAdvanced information systems, Inc
250 _a2nd ed.
260 _aNew Delhi:
_bTechmedia,
_c1997.
300 _axlvii, 1431 p. :
_bill. ;
_c24 cm.
500 _aIncludes index
942 _cBK
_k005.7585 ORA
_2ddc
999 _c9769
_d9769